[Event "FENAJ-ch U16"]
[Site "Brazil"]
[Date "2013.05.31"]
[Round "3"]
[White "Braz, Eduardo Eleuterio"]
[Black "Da Silva, Vinicius R Rodrigue"]
[Result "1/2-1/2"]
[WhiteElo "1744"]
[BlackElo "1830"]
[PlyCount "90"]
[EventDate "2013.05.30"]
[EventType "swiss"]
[EventRounds "6"]
[EventCountry "BRA"]
[SourceTitle "EXT 2015"]
[Source "ChessBase"]
[SourceDate "2014.11.20"]
[SourceVersion "1"]
[SourceVersionDate "2014.11.20"]
[SourceQuality "1"]

1. e4 e5 2. Nf3 Nf6 3. Nxe5 d6 4. Nf3 Nxe4 5. Qe2 Qe7 6. d3 Nf6 7. Bg5 Qxe2+ 8. Bxe2 Be7 9. 0-0 0-0 10. Nbd2 Bg4 11. h3 Bh5 12. Rfe1 h6 13. Bh4 Nbd7 14. Ne4 Rfe8 15. Nxf6+ Bxf6 16. Bxf6 Nxf6 17. Nd4 c5 18. Bxh5 Nxh5 19. Nb5 Red8 20. Re7 a6 21. Nc7 Rab8 22. Rae1 Nf6 23. c4 Kf8 24. Nd5 Nxd5 25. cxd5 Re8 26. Rxe8+ Rxe8 27. Kf1 Rxe1+ 28. Kxe1 f5 29. f4 g5 30. g3 Kf7 31. Kf2 Kf6 32. Ke3 b5 33. b3 Kg6 34. a3 a5 35. a4 b4 36. Kf3 Kh5 37. g4+ Kg6 38. Kg3 h5 39. fxg5 fxg4 40. hxg4 Kxg5 41. gxh5 Kxh5 42. Kf4 Kg6 43. Kg4 Kf6 44. Kf4 Kg6 45. Kg4 Kf6 1/2-1/2